| 000 | 00605nam a2200205Ia 4500 | ||
|---|---|---|---|
| 005 | 20250923144717.0 | ||
| 008 | 008 250917s9999 xx 000 0 eng d | ||
| 037 | _aTextual | ||
| 040 |
_aDSWL _beng _cDSWL |
||
| 041 |
_aeng _2eng |
||
| 084 |
_aY168d153:438.6.73.N5, J8 _qDSWL |
||
| 100 |
_aMillar, Swanson _9827611 |
||
| 245 | 0 |
_aChanging American parent _cby Swanson Millar |
|
| 260 |
_bJohn Willey & sons, Inc. _c1958 |
||
| 300 | _axiii,302p. | ||
| 365 |
_aINR _b6.5 |
||
| 925 | _g6.5 | ||
| 942 |
_cTEXL _hY168d153:438.6.73.N5, J8 |
||
| 999 |
_c1442358 _d1442358 |
||